Culture, suicide and the human condition. (Record no. 621937)

MARC details
000 -LEADER
fixed length control field 00758nam a2200229Ia 4500
003 - CONTROL NUMBER IDENTIFIER
control field OSt
005 - DATE AND TIME OF LATEST TRANSACTION
control field 20260209154749.0
008 - FIXED-LENGTH DATA ELEMENTS--GENERAL INFORMATION
fixed length control field 220923b |||||||| |||| 00| 0 eng d
020 ## - INTERNATIONAL STANDARD BOOK NUMBER
International Standard Book Number 9781782382348
037 ## - SOURCE OF ACQUISITION
Terms of availability General Book
040 ## - CATALOGING SOURCE
Original cataloging agency RTL
Transcribing agency RTL
Language of cataloging eng
041 ## - LANGUAGE CODE
Source of code eng
Language code of text/sound track or separate title eng
084 ## - COLON CLASSIFICATION NUMBER
Classification number Y:4511, Q4
Assigning agency RTL
245 #0 - TITLE STATEMENT
Title Culture, suicide and the human condition.
260 ## - PUBLICATION, DISTRIBUTION, ETC.
Place of publication, distribution, etc. New York
Name of publisher, distributor, etc. Berghahn
Date of publication, distribution, etc. 2014
300 ## - PHYSICAL DESCRIPTION
Extent x, 219 p.
Other physical details Includes bibliographical references and index
650 ## - SUBJECT ADDED ENTRY--TOPICAL TERM
Topical term or geographic name entry element Sociology
9 (RLIN) 1114653
700 ## - ADDED ENTRY--PERSONAL NAME
Personal name Honkasalo Maria-Liisa
9 (RLIN) 315670
Relator term Editor
700 ## - ADDED ENTRY--PERSONAL NAME
Personal name Tuominen Miira
Relator term Editor
9 (RLIN) 1114654
942 ## - ADDED ENTRY ELEMENTS (KOHA)
Classification part Y:4511, Q4
Koha item type General Books
Source of classification or shelving scheme Colon Classification (CC)
Suppress in OPAC No
Holdings
Withdrawn status Lost status Damaged status Not for loan Home library Current library Date acquired Source of acquisition Cost, normal purchase price Total Checkouts Full call number Barcode Date last seen Cost, replacement price Price effective from Koha item type
        Ratan Tata Library Ratan Tata Library 2022-09-26 8227, 05/10/2017, Efficient Book Distributors 3620.82   Y:4511 Q4 RT1500610 2022-09-26 3620.82 2022-09-26 General Books
Copyright @ Delhi University Library System